Universidades en América Latina: sugerencias para su modernización /
Đã lưu trong:
| Tác giả chính: | |
|---|---|
| Tác giả khác: | |
| Định dạng: | Texto |
| Những chủ đề: | |
| Các nhãn: |
Thêm thẻ
Không có thẻ, Là người đầu tiên thẻ bản ghi này!
|
MARC
| LEADER | 00000 a a2200000 04500 | ||
|---|---|---|---|
| 001 | 10932 | ||
| 003 | |||
| 040 | |||
| 100 | |a Ferrari, César | ||
| 245 | |a Universidades en América Latina: |b sugerencias para su modernización / |c César Ferrari | ||
| 650 | |a EDUCACION | ||
| 650 | |a UNIVERSIDADES | ||
| 650 | |a INVESTIGACION | ||
| 650 | |a PUBLICACIONES | ||
| 650 | |a INFRAESTRUCTURA FISICA | ||
| 650 | |a DOCENTES | ||
| 650 | |a AMERICA LATINA | ||
| 700 | |a Contreras, Nelson | ||
| 773 | |g número 218; páginas 23-38 | ||
| 999 | |c 22199 |d 22199 | ||
